"Invincible" Superheroes - Statistics

General Stats
  • This quiz has been taken 1,541 times
  • The average score is 11 of 16
Answer Stats
Answer % Correct
Invincible
98%
Omni-Man
97%
Atom Eve
93%
Robot
85%
The Immortal
85%
Dupli-Kate
79%
Rex Splode
74%
Monster Girl
73%
Red Rush
73%
War Woman
68%
Darkwing
62%
Green Ghost
56%
Martian Man
50%
Black Samson
48%
Aquarus
38%
Shrinking Rae
36%
No matching quizzes found
Score Distribution
Percent of People with Each Score
Percentile by Number Answered
Your Score History
You have not taken this quiz